Data Structures and Algorithms using (Record no. 7826)

MARC details
000 -LEADER
fixed length control field 00312nam a2200121Ia 4500
008 - FIXED-LENGTH DATA ELEMENTS--GENERAL INFORMATION
fixed length control field 191201s2012 xx 000 0 und d
100 ## - MAIN ENTRY--PERSONAL NAME
Personal name NAG, Amitava
245 #0 - TITLE STATEMENT
Title Data Structures and Algorithms using
250 ## - EDITION STATEMENT
Edition statement 2nd
260 ## - PUBLICATION, DISTRIBUTION, ETC. (IMPRINT)
Date of publication, distribution, etc 2012
Name of publisher, distributor, etc Vikas Publication House
Place of publication, distribution, etc NEW DELHI
300 ## - PHYSICAL DESCRIPTION
Extent 456
942 ## - ADDED ENTRY ELEMENTS (KOHA)
Source of classification or shelving scheme Dewey Decimal Classification
Koha item type Text Books
942 ## - ADDED ENTRY ELEMENTS (KOHA)
-- 9
Holdings
Withdrawn status Lost status Source of classification or shelving scheme Damaged status Not for loan Collection code Home library Current library Date acquired Source of acquisition Cost, normal purchase price Bill Number Total Checkouts Full call number Acc. no. / Barcode Date last seen Date last borrowed Actual Cost, discounted price Bill Date Koha item type
    Dewey Decimal Classification     BCA PIET C-LIBRARY PIET C-LIBRARY 09/04/2012 IBH, New Delhi 250.00 10249 5 005.133 NAD BC335 19/12/2022 12/12/2022 165.60 09/04/2012 Text Books
    Dewey Decimal Classification     BCA PIET C-LIBRARY PIET C-LIBRARY 09/04/2012 IBH, New Delhi 250.00 10249 6 005.133 NAD BC336 02/05/2023 18/04/2023 165.60 09/04/2012 Text Books
    Dewey Decimal Classification     BCA PIET C-LIBRARY PIET C-LIBRARY 09/04/2012 IBH, New Delhi 250.00 10249   005.133 NAD BC337 04/12/2019   165.60 09/04/2012 Text Books

Design & Developed by: PIET Central Library
R70 Miles Stone Pattikalyana Samalkha Panipat 132102
mail ID :- [email protected], Phone No:- 0180-2569700 Ex.216